[Event "Poti op 15th"]
[Site "Poti"]
[Date "2022.07.24"]
[Round "9"]
[White "Alaverdyan, Gevorg"]
[Black "Morchiashvili, Bachana"]
[Result "1/2-1/2"]
[WhiteElo "2336"]
[BlackElo "2305"]
[PlyCount "54"]
[EventDate "2022.07.16"]
[EventType "swiss"]
[EventRounds "9"]
[EventCountry "GEO"]
[SourceTitle "CBM 209 Extra"]
[Source "ChessBase"]
[SourceDate "2022.09.30"]
[SourceVersion "1"]
[SourceVersionDate "2022.09.30"]
[SourceQuality "1"]

1. e4 c5 2. Nf3 e6 3. d4 cxd4 4. Nxd4 Nc6 5. Nc3 Qc7 6. Be2 Nf6 7. 0-0 a6 8. Be3 Be7 9. f4 d6 10. Bf3 0-0 11. a4 Re8 12. Kh1 Bd7 13. Nb3 b6 14. g4 Bc8 15. g5 Nd7 16. Bg2 Bb7 17. Qh5 Nb4 18. Rac1 Bf8 19. Rf3 g6 20. Qh4 Bg7 21. Rh3 Nf8 22. Qf2 Nd7 23. Qh4 Nf8 24. Qf2 b5 25. axb5 axb5 26. Nxb5 Qd7 27. N5d4 e5 1/2-1/2

[Event "Poti op 15th"]
[Site "Poti"]
[Date "2022.07.22"]
[Round "7"]
[White "Alaverdyan, Gevorg"]
[Black "Hayrapetyan, Hovik"]
[Result "1-0"]
[WhiteElo "2336"]
[BlackElo "2481"]
[PlyCount "103"]
[EventDate "2022.07.16"]
[EventType "swiss"]
[EventRounds "9"]
[EventCountry "GEO"]
[SourceTitle "CBM 209 Extra"]
[Source "ChessBase"]
[SourceDate "2022.09.30"]
[SourceVersion "1"]
[SourceVersionDate "2022.09.30"]
[SourceQuality "1"]

1. e4 c5 2. Nf3 d6 3. d4 cxd4 4. Nxd4 Nf6 5. Nc3 a6 6. Be2 e5 7. Nb3 Be7 8. 0-0 0-0 9. Be3 Be6 10. Qd2 Nbd7 11. Rfd1 Rc8 12. f3 Qc7 13. a4 Rfd8 14. Qe1 Nc5 15. Nd5 Bxd5 16. exd5 Nfd7 17. Na5 Nb6 18. b3 Bf6 19. Rab1 Re8 20. Qb4 Nbd7 21. Nc4 b6 22. Qa3 e4 23. f4 b5 24. axb5 axb5 25. Na5 Ra8 26. b4 Na4 27. Bxb5 Nc3 28. Bc6 Ra6 29. Re1 Nxb1 30. Rxb1 Rb8 31. Rb3 Nc5 32. bxc5 Rxb3 33. cxb3 Rxa5 34. cxd6 Qa7 35. Bxa7 Rxa3 36. Ba4 Bd8 37. Kf2 f5 38. g4 Ra2+ 39. Kg3 g6 40. g5 Kf7 41. Bc5 Ba5 42. d7 Be1+ 43. Kh3 Ba5 44. Bb5 Rc2 45. b4 Bc7 46. Kg3 Bd8 47. Bd4 e3 48. Kf3 e2 49. Bxe2 Ke7 50. Bb5 Kd6 51. Bf6 Bb6 52. Bc6 1-0

[Event "Poti op 15th"]
[Site "Poti"]
[Date "2022.07.19"]
[Round "4"]
[White "Benidze, Davit"]
[Black "Alaverdyan, Gevorg"]
[Result "1-0"]
[WhiteElo "2374"]
[BlackElo "2336"]
[PlyCount "135"]
[EventDate "2022.07.16"]
[EventType "swiss"]
[EventRounds "9"]
[EventCountry "GEO"]
[SourceTitle "CBM 209 Extra"]
[Source "ChessBase"]
[SourceDate "2022.09.30"]
[SourceVersion "1"]
[SourceVersionDate "2022.09.30"]
[SourceQuality "1"]

1. d4 Nf6 2. c4 e6 3. Nf3 b6 4. g3 Bb7 5. Bg2 Be7 6. Nc3 0-0 7. 0-0 Ne4 8. Qc2 Nxc3 9. Qxc3 Be4 10. b3 d5 11. Bb2 Bf6 12. Rfd1 c6 13. Rac1 Qe7 14. Ne5 Bxg2 15. Kxg2 Rd8 16. cxd5 cxd5 17. Ng4 Nd7 18. Rc2 h5 19. Ne5 Bxe5 20. dxe5 Qg5 21. Rdc1 Rac8 22. Qxc8 Rxc8 23. Rxc8+ Kh7 24. R1c7 Nxe5 25. h4 Qf5 26. Bxe5 Qxe5 27. Rxf7 Qe4+ 28. Kh2 Qxe2 29. Rcc7 Kh6 30. Rcd7 a5 31. a4 Qe1 32. Rd6 Kg6 33. Rf4 Kh7 34. Rd7 Qe2 35. Kg2 Kh6 36. Rd6 Kh7 37. Rxb6 e5 38. Re6 e4 39. Re5 Qd3 40. Rxh5+ Kg8 41. Re5 Qxb3 42. h5 Qxa4 43. Rxd5 Qc6 44. Rxa5 e3+ 45. f3 Kh7 46. Re5 Qd6 47. Rfe4 Qd2+ 48. Kh3 Qd7+ 49. Re6 Qd1 50. Rxe3 Qh1+ 51. Kg4 Qd1 52. Re7 Qd4+ 53. R3e4 Qd1 54. Rf7 Qd5 55. Rfe7 Qd1 56. R4e6 Qa4+ 57. Kh3 Kg8 58. Rg6 Kh8 59. h6 gxh6 60. Rxh6+ Kg8 61. Rg6+ Kf8 62. Re5 Qd7+ 63. Kh4 Qh7+ 64. Kg5 Qh3 65. g4 Qh2 66. f4 Qb2 67. Rf6+ Kg7 68. Rfe6 1-0

[Event "Poti op 15th"]
[Site "Poti"]
[Date "2022.07.16"]
[Round "1"]
[White "Alaverdyan, Gevorg"]
[Black "Sahakyan, Aleks"]
[Result "1-0"]
[WhiteElo "2336"]
[BlackElo "1994"]
[PlyCount "105"]
[EventDate "2022.07.16"]
[EventType "swiss"]
[EventRounds "9"]
[EventCountry "GEO"]
[SourceTitle "CBM 209 Extra"]
[Source "ChessBase"]
[SourceDate "2022.09.30"]
[SourceVersion "1"]
[SourceVersionDate "2022.09.30"]
[SourceQuality "1"]

1. Nf3 d5 2. g3 Nd7 3. d4 Nb6 4. Bg2 Bf5 5. a4 a5 6. 0-0 e6 7. Nc3 Nf6 8. Nh4 Bg4 9. Qd3 Be7 10. h3 Bh5 11. g4 Nfd7 12. Nf5 exf5 13. gxh5 Nf6 14. Qxf5 g6 15. hxg6 hxg6 16. Qf3 Rh5 17. e4 c6 18. e5 Nh7 19. Ne2 Rh4 20. Qb3 Nf8 21. Bf4 Ne6 22. Bg3 Rh7 23. Rad1 Kd7 24. Nf4 Kc7 25. Nxe6+ fxe6 26. Bf3 Qg8 27. Bg4 Rf8 28. Kg2 Nc8 29. Qc3 Bb4 30. Qd3 Be7 31. b3 Bd8 32. Qd2 Kb8 33. b4 Nb6 34. Rb1 Nc4 35. Qd3 axb4 36. Rxb4 Ba5 37. Rxc4 dxc4 38. Qxc4 Rf5 39. Rb1 Qe8 40. Qc5 Bd8 41. a5 Qd7 42. a6 b6 43. Rxb6+ Bxb6 44. Qxb6+ Ka8 45. c4 Rf8 46. d5 Rb8 47. dxe6 Qc7 48. Qc5 Qb6 49. Qd6 Rd8 50. e7 Re8 51. Bd7 Rexe7 52. Bxc6+ Ka7 53. f3 1-0

[Event "Yerevan Yeghiazaryan Memorial"]
[Site "Yerevan"]
[Date "2022.07.07"]
[Round "7"]
[White "Alaverdyan, Gevorg"]
[Black "Hayrapetyan, Hovik"]
[Result "0-1"]
[WhiteElo "2336"]
[BlackElo "2481"]
[PlyCount "110"]
[EventDate "2022.07.01"]
[EventType "tourn"]
[EventRounds "9"]
[EventCountry "ARM"]
[EventCategory "4"]
[SourceTitle "CBM 209 Extra"]
[Source "ChessBase"]
[SourceDate "2022.09.30"]
[SourceVersion "1"]
[SourceVersionDate "2022.09.30"]
[SourceQuality "1"]

1. e4 c5 2. Nf3 d6 3. d4 cxd4 4. Nxd4 Nf6 5. Nc3 a6 6. Nb3 b5 7. a4 b4 8. Nd5 e6 9. Nxf6+ Qxf6 10. Bd3 Nc6 11. 0-0 Qd8 12. Qg4 Ne5 13. Qg3 Nxd3 14. cxd3 a5 15. Bd2 h5 16. Bg5 Qb6 17. Rfc1 e5 18. Nd2 Be6 19. Nc4 Qa6 20. h4 Rb8 21. Be3 f6 22. f4 Bg4 23. d4 Be7 24. fxe5 dxe5 25. dxe5 0-0 26. exf6 Bxf6 27. e5 Be7 28. b3 Rbd8 29. Bb6 Rd5 30. Re1 Qc8 31. Kh1 Qd7 32. Bf2 Rd3 33. Re3 Rd1+ 34. Rxd1 Qxd1+ 35. Re1 Qc2 36. Kg1 Be6 37. Qe3 Bxc4 38. bxc4 b3 39. Qe2 Ba3 40. Bd4 Qxe2 41. Rxe2 Rf4 42. Bb2 Bc5+ 43. Kh2 Rxh4+ 44. Kg3 Rxc4 45. e6 Kf8 46. Rd2 Rxa4 47. Rd7 Rg4+ 48. Kf3 a4 49. Rf7+ Ke8 50. Rb7 a3 51. Be5 Rb4 52. Rxg7 b2 53. Bf6 b1Q 54. Rg8+ Bf8 55. e7 Qf5+ 0-1

[Event "Yerevan Yeghiazaryan Memorial"]
[Site "Yerevan"]
[Date "2022.07.06"]
[Round "6"]
[White "Morchiashvili, Bachana"]
[Black "Alaverdyan, Gevorg"]
[Result "1/2-1/2"]
[WhiteElo "2305"]
[BlackElo "2336"]
[PlyCount "86"]
[EventDate "2022.07.01"]
[EventType "tourn"]
[EventRounds "9"]
[EventCountry "ARM"]
[EventCategory "4"]
[SourceTitle "CBM 209 Extra"]
[Source "ChessBase"]
[SourceDate "2022.09.30"]
[SourceVersion "1"]
[SourceVersionDate "2022.09.30"]
[SourceQuality "1"]

1. d4 Nf6 2. c4 g6 3. Nc3 Bg7 4. e4 d6 5. Nf3 0-0 6. h3 e5 7. d5 Na6 8. Bg5 h6 9. Be3 Nc5 10. Nd2 a5 11. Be2 Nh7 12. h4 h5 13. Qc2 b6 14. 0-0-0 f5 15. exf5 Bxf5 16. Nde4 Nf6 17. Bxc5 bxc5 18. Bd3 Bh6+ 19. Kb1 Ng4 20. Rde1 Rb8 21. f3 Ne3 22. Qf2 Bxe4 23. Nxe4 Nf5 24. g4 hxg4 25. fxg4 Nd4 26. Qg2 Rf3 27. g5 Bg7 28. Rd1 a4 29. Bc2 Rf4 30. h5 Nxc2 31. Qxc2 Qc8 32. h6 Bf8 33. Nf6+ Kf7 34. Rdf1 Qf5 35. Rxf4 Qxf4 36. Qxa4 Be7 37. Qd7 Rxb2+ 38. Kxb2 Qd2+ 39. Kb3 Qd3+ 40. Kb2 Qd2+ 41. Ka1 Qc3+ 42. Kb1 Qd3+ 43. Kc1 Qc3+ 1/2-1/2

[Event "Yerevan Yeghiazaryan Memorial"]
[Site "Yerevan"]
[Date "2022.07.04"]
[Round "4"]
[White "Yeritsyan, Hayk"]
[Black "Alaverdyan, Gevorg"]
[Result "1/2-1/2"]
[WhiteElo "2249"]
[BlackElo "2336"]
[PlyCount "152"]
[EventDate "2022.07.01"]
[EventType "tourn"]
[EventRounds "9"]
[EventCountry "ARM"]
[EventCategory "4"]
[SourceTitle "CBM 209 Extra"]
[Source "ChessBase"]
[SourceDate "2022.09.30"]
[SourceVersion "1"]
[SourceVersionDate "2022.09.30"]
[SourceQuality "1"]

1. d4 Nf6 2. c4 g6 3. Nc3 Bg7 4. e4 0-0 5. Be2 d6 6. Be3 Na6 7. h4 e5 8. h5 exd4 9. Bxd4 Qe7 10. f3 Nxh5 11. Nd5 Qg5 12. g4 Ng3 13. f4 Qd8 14. Bxg7 Kxg7 15. Qd4+ f6 16. Rh3 Nxe2 17. Nxe2 c6 18. Ne3 Qb6 19. Qxd6 Qb4+ 20. Qxb4 Nxb4 21. Kf2 Be6 22. a3 Nd3+ 23. Kf3 Rad8 24. b4 Nb2 25. Rah1 Bg8 26. f5 g5 27. e5 Rd3 28. e6 Rfd8 29. Ng3 Nxc4 30. Nh5+ Kf8 31. Re1 Ne5+ 32. Kg2 Ke7 33. Re2 R8d4 34. Rg3 Rxa3 35. Nd5+ Rxd5 36. Rxa3 a6 37. Re4 Rd2+ 38. Kg3 h6 39. Rae3 Rd5 40. Rc3 Bh7 41. Rc5 Nxg4 42. Rxd5 cxd5 43. Rxg4 Bxf5 44. Rd4 Be4 45. Rd2 Kxe6 46. Rh2 f5 47. Ng7+ Kf7 48. Nxf5 Bxf5 49. Rxh6 Bg6 50. Rh8 d4 51. Rd8 d3 52. Kf3 Ke7 53. Rd5 Kf6 54. Rd6+ Kf5 55. Rxd3 Bh5+ 56. Ke3 Be8 57. Rd8 Bc6 58. Rf8+ Ke5 59. Rg8 Kf6 60. Kf2 Bd5 61. Re8 Bc6 62. Re1 Bd7 63. Kf3 Be6 64. Re3 Ke7 65. Ke4 Kd6 66. Kd4 g4 67. Re5 Ke7 68. Rh5 Kf6 69. Ke4 g3 70. Ke3 Bd7 71. Rh6+ Kg7 72. Rh5 Kg6 73. Rh8 Kg7 74. Rh5 Kf6 75. Rh6+ Kg7 76. Rh4 g2 1/2-1/2

[Event "Yerevan Yeghiazaryan Memorial"]
[Site "Yerevan"]
[Date "2022.07.03"]
[Round "3"]
[White "Alaverdyan, Gevorg"]
[Black "Atakhan, Abtin"]
[Result "1-0"]
[WhiteElo "2336"]
[BlackElo "2344"]
[PlyCount "111"]
[EventDate "2022.07.01"]
[EventType "tourn"]
[EventRounds "9"]
[EventCountry "ARM"]
[EventCategory "4"]
[SourceTitle "CBM 209 Extra"]
[Source "ChessBase"]
[SourceDate "2022.09.30"]
[SourceVersion "1"]
[SourceVersionDate "2022.09.30"]
[SourceQuality "1"]

1. e4 c5 2. Nf3 Nc6 3. d4 cxd4 4. Nxd4 g6 5. Bc4 Bg7 6. Ne2 Nf6 7. Nbc3 d6 8. Bg5 0-0 9. Qd2 Qa5 10. 0-0 Bg4 11. Rfe1 Rac8 12. Bb3 Ne5 13. Nd5 Qxd2 14. Nxe7+ Kh8 15. Bxd2 Rce8 16. Nd5 Nxe4 17. Be3 Nc5 18. h3 Bf5 19. Nd4 Be4 20. Nc3 Nc6 21. Rad1 Nxb3 22. cxb3 d5 23. Nxc6 bxc6 24. Bc5 Rg8 25. Nxe4 dxe4 26. Rd7 f5 27. Rxa7 Rd8 28. a4 Bxb2 29. a5 Rg7 30. Rxg7 Kxg7 31. a6 Kf7 32. a7 Ke6 33. Bb6 Ra8 34. Rd1 Bf6 35. Bc5 Be7 36. Bb6 c5 37. Kf1 g5 38. Ke2 f4 39. g3 Bd6 40. h4 h6 41. h5 Be7 42. Rd2 Bd6 43. g4 Ke5 44. Kd1 Ke6 45. Kc2 Rc8 46. Kc3 e3 47. fxe3 fxe3 48. Ra2 Ra8 49. Kc4 Kd7 50. Kd5 Bf4 51. Kxc5 Bg3 52. Kd5 Bf2 53. Rc2 Ke7 54. Rc7+ Kf8 55. Rb7 Bg3 56. Bxe3 1-0

[Event "Yerevan Yeghiazaryan Memorial"]
[Site "Yerevan"]
[Date "2022.07.02"]
[Round "2"]
[White "Yeremyan, Alen"]
[Black "Alaverdyan, Gevorg"]
[Result "0-1"]
[WhiteElo "2233"]
[BlackElo "2336"]
[PlyCount "152"]
[EventDate "2022.07.01"]
[EventType "tourn"]
[EventRounds "9"]
[EventCountry "ARM"]
[EventCategory "4"]
[SourceTitle "CBM 209 Extra"]
[Source "ChessBase"]
[SourceDate "2022.09.30"]
[SourceVersion "1"]
[SourceVersionDate "2022.09.30"]
[SourceQuality "1"]

1. c4 Nf6 2. g3 g6 3. Bg2 Bg7 4. Nc3 0-0 5. d3 c6 6. e4 d5 7. cxd5 cxd5 8. exd5 Na6 9. Nge2 Bg4 10. h3 Bxe2 11. Qxe2 Nb4 12. 0-0 Nfxd5 13. Bg5 h6 14. Nxd5 Nxd5 15. Qe4 hxg5 16. Qxd5 Qxd5 17. Bxd5 Rfd8 18. Bc4 Rab8 19. a4 Bxb2 20. Rab1 Bd4 21. Rb5 Kg7 22. Kg2 b6 23. Re1 Kf6 24. Re4 e6 25. Re1 Bc5 26. Rb2 Rbc8 27. Re4 Rd6 28. Rb1 Rd4 29. Re2 Rh8 30. Ra1 Rh5 31. Rf1 Rd8 32. Re4 Ke7 33. Rd1 Rdh8 34. Rh1 Bd6 35. Ree1 Rc8 36. Rb1 Rc5 37. Rb5 Rh8 38. Rhb1 Rhc8 39. Ra1 Re5 40. Ra2 Re1 41. a5 Bc5 42. axb6 axb6 43. Rbb2 Bd4 44. Rb4 Rd8 45. Bb5 Kf6 46. Bc4 Bc5 47. Rbb2 Rd4 48. Ra8 Rd7 49. Raa2 Rc7 50. Rb3 Rd7 51. Rbb2 Bd4 52. Rb4 Rd6 53. Rb5 Ra1 54. Rxa1 Bxa1 55. Rb3 Bd4 56. Ra3 Rd8 57. Ra4 Bc5 58. Ra2 Rc8 59. Kf3 Rc7 60. Ra8 Ke5 61. Ra4 Bd4 62. Ra8 Rc5 63. Rb8 Ra5 64. Rb7 Kf6 65. Rd7 Rf5+ 66. Kg4 Bxf2 67. d4 Ra5 68. Kf3 Be1 69. d5 Ra3+ 70. Kg2 Rxg3+ 71. Kf1 Rc3 72. Be2 Bg3 73. dxe6 Kxe6 74. Rb7 Bc7 75. Ra7 f5 76. Ra8 Rxh3 0-1

[Event "ARM-ch 1st League 82nd"]
[Site "Yerevan"]
[Date "2021.08.19"]
[Round "8"]
[White "Alaverdyan, Gevorg"]
[Black "Davtyan, Artur"]
[Result "1-0"]
[WhiteElo "2279"]
[BlackElo "2466"]
[PlyCount "79"]
[EventDate "2021.08.11"]
[EventType "tourn"]
[EventRounds "13"]
[EventCountry "ARM"]
[EventCategory "3"]
[SourceTitle "CBM 204 Extra"]
[Source "ChessBase"]
[SourceDate "2021.11.30"]
[SourceVersion "1"]
[SourceVersionDate "2021.11.30"]
[SourceQuality "1"]

1. Nf3 d5 2. g3 Nf6 3. Bg2 c6 4. 0-0 Bf5 5. d3 h6 6. Nbd2 e6 7. b3 a5 8. a3 Be7 9. Bb2 0-0 10. Qe1 Bh7 11. e4 Na6 12. Qe2 Re8 13. Kh1 b5 14. Ne5 Qb6 15. f4 Rad8 16. g4 Nd7 17. Nxd7 Rxd7 18. f5 d4 19. Nf3 Bf6 20. Qf2 exf5 21. gxf5 c5 22. Rae1 Rde7 23. Qg3 Qb8 24. Qg4 Qc8 25. Bc1 Kh8 26. Bh3 Nb8 27. Rg1 Nd7 28. Qh5 Qc6 29. Bf4 c4 30. Rg3 Nc5 31. Bxh6 cxd3 32. Ng5 Bxg5 33. Bxg7+ Kxg7 34. Qxg5+ Bg6 35. cxd3 Nxd3 36. Rf1 Re5 37. f6+ Kh7 38. Bf5 Qxe4+ 39. Kg1 Nf2 40. Qh5+ 1-0

[Event "ARM-ch 1st League 82nd"]
[Site "Yerevan"]
[Date "2021.08.17"]
[Round "7"]
[White "Torosyan, Norayr"]
[Black "Alaverdyan, Gevorg"]
[Result "0-1"]
[WhiteElo "2374"]
[BlackElo "2279"]
[PlyCount "146"]
[EventDate "2021.08.11"]
[EventType "tourn"]
[EventRounds "13"]
[EventCountry "ARM"]
[EventCategory "3"]
[SourceTitle "CBM 204 Extra"]
[Source "ChessBase"]
[SourceDate "2021.11.30"]
[SourceVersion "1"]
[SourceVersionDate "2021.11.30"]
[SourceQuality "1"]

1. e4 e5 2. Nf3 Nc6 3. Nc3 Nf6 4. d4 exd4 5. Nxd4 Bb4 6. Nxc6 bxc6 7. Bd3 0-0 8. 0-0 Re8 9. Bg5 h6 10. Bh4 Qe7 11. h3 Bxc3 12. bxc3 d5 13. Re1 g5 14. e5 Ne4 15. Bg3 Bf5 16. Bxe4 Bxe4 17. Qd2 Kh7 18. Kh2 Bf5 19. Re2 Rad8 20. Rf1 Rg8 21. Qe1 Qe6 22. h4 d4 23. cxd4 Rxd4 24. hxg5 hxg5 25. Qa5 Qc4 26. Rfe1 Kg6 27. e6 fxe6 28. Be5 Rd7 29. Kg1 a6 30. Ba1 Rf8 31. Qe5 Rh7 32. Bd4 Qd5 33. Qe3 Rh4 34. Ba1 Rf7 35. f3 g4 36. Rd2 Qc4 37. Rd8 Rfh7 38. fxg4 Rxg4 39. Qe5 Kh5 40. Rd3 Rxg2+ 41. Kxg2 Qxc2+ 42. Qe2+ Qxe2+ 43. Rxe2 Bxd3 44. Rxe6 Kg4 45. Rf6 Re7 46. Bd4 Bc4 47. Rf2 Re4 48. Rd2 Bd5 49. Kf2 Kf5 50. a3 Rh4 51. Be3 Rh1 52. Bc5 Rc1 53. Be7 Ke6 54. Bd8 Kd6 55. Ke3 Ra1 56. Rd3 Ra2 57. Bg5 c5 58. Rc3 c4 59. Bh6 c5 60. Bf8+ Kc6 61. Be7 Kb5 62. Bf8 Bf7 63. Be7 Bh5 64. Bf6 Bd1 65. Bg7 Bb3 66. Rc1 Rxa3 67. Ra1 Ba2+ 68. Kd2 Kb4 69. Kc1 c3 70. Bf8 Kb3 71. Bxc5 Ra4 72. Kd1 Kb2 73. Rc1 Bb3+ 0-1

[Event "ARM-ch 1st League 82nd"]
[Site "Yerevan"]
[Date "2021.08.14"]
[Round "4"]
[White "Alaverdyan, Gevorg"]
[Black "Ohanyan, Emin"]
[Result "1/2-1/2"]
[WhiteElo "2279"]
[BlackElo "2407"]
[PlyCount "121"]
[EventDate "2021.08.11"]
[EventType "tourn"]
[EventRounds "13"]
[EventCountry "ARM"]
[EventCategory "3"]
[SourceTitle "CBM 204 Extra"]
[Source "ChessBase"]
[SourceDate "2021.11.30"]
[SourceVersion "1"]
[SourceVersionDate "2021.11.30"]
[SourceQuality "1"]

1. e4 e5 2. Nf3 Nc6 3. Bb5 Nf6 4. 0-0 Nxe4 5. d4 Nd6 6. Bxc6 dxc6 7. dxe5 Nf5 8. Qxd8+ Kxd8 9. Nc3 Ke8 10. h3 h5 11. Bg5 Be6 12. Ne2 Be7 13. Nf4 Bd5 14. Bxe7 Bxf3 15. Bg5 Nd4 16. c3 Ne2+ 17. Nxe2 Bxe2 18. Rfe1 Bd3 19. Rad1 Bf5 20. f3 Be6 21. b3 c5 22. c4 Kf8 23. Bd8 c6 24. Rd6 Kg8 25. Bg5 Rc8 26. g4 hxg4 27. hxg4 b5 28. Rc1 bxc4 29. bxc4 Rb8 30. Kg2 Rb2+ 31. Bd2 f6 32. Rd8+ Kf7 33. Rxh8 Rxd2+ 34. Kg3 fxe5 35. Re1 Bxc4 36. Rxe5 Bd5 37. Re3 Rxa2 38. Rb8 c4 39. Kf4 Rf2 40. Kg5 Rxf3 41. Rb7+ Kf8 42. Re1 Kg8 43. Rxa7 Rf7 44. Re8+ Rf8 45. Ree7 Rf7 46. Rxf7 Bxf7 47. Kf5 c3 48. g5 Bc4 49. Ra3 c2 50. Rc3 Bd3+ 51. Ke5 Kh7 52. Rxc6 Bg6 53. Kf4 Bd3 54. Rc3 Kg6 55. Rc7 Kh7 56. Rc6 Bg6 57. Ke3 Bf5 58. Kd2 Be4 59. Rb6 Bf5 60. Rc6 Be4 61. Rb6 1/2-1/2

[Event "ARM-ch 1st League 82nd"]
[Site "Yerevan"]
[Date "2021.08.11"]
[Round "1"]
[White "Alaverdyan, Gevorg"]
[Black "Davtyan, Arsen"]
[Result "1-0"]
[WhiteElo "2279"]
[BlackElo "2278"]
[PlyCount "157"]
[EventDate "2021.08.11"]
[EventType "tourn"]
[EventRounds "13"]
[EventCountry "ARM"]
[EventCategory "3"]
[SourceTitle "CBM 204 Extra"]
[Source "ChessBase"]
[SourceDate "2021.11.30"]
[SourceVersion "1"]
[SourceVersionDate "2021.11.30"]
[SourceQuality "1"]

1. b3 d5 2. Bb2 Nf6 3. Nf3 Bf5 4. e3 e6 5. Be2 h6 6. 0-0 Be7 7. Ne5 0-0 8. f4 Nbd7 9. d3 Nxe5 10. fxe5 Nd7 11. Nd2 Bg5 12. e4 dxe4 13. Nxe4 Bxe4 14. dxe4 Qe7 15. Kh1 Rad8 16. Qe1 Qc5 17. Bc3 Qe3 18. Bd3 Qxe1 19. Raxe1 c5 20. g3 Nb8 21. h4 Be7 22. Rf2 Nc6 23. Ref1 g6 24. a4 Kg7 25. Bc4 a6 26. Kg2 Rde8 27. Rd1 Rd8 28. Rh1 Rde8 29. Rd1 Rd8 30. Rdf1 Na7 31. h5 g5 32. Kh3 Rd7 33. Bb2 Nc6 34. Bc3 Na7 35. Kg2 b5 36. axb5 axb5 37. Bd3 c4 38. Be2 b4 39. Be1 c3 40. Bc4 Rc7 41. Rf3 Bc5 42. g4 Nc6 43. Rd3 Ra8 44. Rd1 Ra2 45. Bd3 Nd4 46. Rf2 Rca7 47. Rb1 Nc6 48. Re2 Nxe5 49. Rd1 Rd7 50. Bg3 Nc6 51. Rde1 Kg8 52. Bb5 Rd2 53. Bxc6 Raxc2 54. Kf1 Rxe2 55. Rxe2 Rb2 56. Be5 Rb1+ 57. Kg2 Rg1+ 58. Kh2 Rf1 59. Bb5 f6 60. Bg3 Rc1 61. Bd3 e5 62. Bf2 Bxf2 63. Rxf2 Kf7 64. Bc2 Re1 65. Kg2 Re3 66. Kf1 Ke6 67. Bb1 Rh3 68. Kg2 Re3 69. Ra2 Re1 70. Bd3 Kd6 71. Kf2 Rh1 72. Ra6+ Kc5 73. Ra5+ Kc6 74. Bf1 Kd6 75. Kg2 Rh4 76. Be2 Kc6 77. Ra8 Kc5 78. Rd8 Kb6 79. Rc8 1-0

[Event "ARM-ch Rapid"]
[Site "Yerevan"]
[Date "2021.03.03"]
[Round "8"]
[White "Alaverdyan, Gevorg"]
[Black "Petrosyan, Manuel"]
[Result "1/2-1/2"]
[WhiteElo "2281"]
[BlackElo "2628"]
[PlyCount "23"]
[EventDate "2021.03.02"]
[EventType "swiss (rapid)"]
[EventRounds "9"]
[EventCountry "ARM"]
[SourceTitle "CBM 201 Extra"]
[Source "ChessBase"]
[SourceDate "2021.05.31"]
[SourceVersion "1"]
[SourceVersionDate "2021.05.31"]
[SourceQuality "1"]

1. Nf3 d5 2. g3 g6 3. Bg2 Bg7 4. d4 Nf6 5. 0-0 0-0 6. c4 c6 7. cxd5 cxd5 8. Nc3 Ne4 9. Ng5 Nf6 10. Nf3 Ne4 11. Ng5 Nf6 12. Nf3 1/2-1/2

[Event "Titled Tuesday intern op 24th Nov"]
[Site "Chess.com INT"]
[Date "2020.11.24"]
[Round "9"]
[White "Alaverdyan, Gevorg"]
[Black "Kosteniuk, Alexandra"]
[Result "1/2-1/2"]
[WhiteElo "2281"]
[BlackElo "2471"]
[PlyCount "223"]
[EventDate "2020.11.24"]
[EventType "swiss (blitz)"]
[EventRounds "11"]
[EventCountry "USA"]
[SourceTitle "CBM 199 Extra"]
[Source "ChessBase"]
[SourceDate "2021.01.31"]
[SourceVersion "1"]
[SourceVersionDate "2021.01.31"]
[SourceQuality "1"]

1. e4 c6 2. d4 d5 3. e5 c5 4. Ne2 Nc6 5. dxc5 Nxe5 6. Nbc3 e6 7. Be3 Nf6 8. Ng3 Be7 9. Be2 0-0 10. 0-0 Nc6 11. Nb5 e5 12. c3 a6 13. Na3 d4 14. cxd4 exd4 15. Bg5 Bxc5 16. Bf3 Ne5 17. Rc1 Be7 18. Nc4 Nxf3+ 19. Qxf3 Be6 20. Qxb7 Bd5 21. Qb3 h6 22. Bxf6 Bxf6 23. Qd3 Rc8 24. b3 Ba8 25. Rfe1 Bc6 26. Ne4 Be7 27. f3 Bb5 28. a4 Bc6 29. Rcd1 Bb4 30. Re2 f5 31. Ng3 Qd5 32. Re5 Qd7 33. Rxf5 Rxf5 34. Nxf5 Bd5 35. g4 Bxc4 36. bxc4 Rd8 37. Kg2 Bc3 38. Qe4 Re8 39. Qd5+ Qxd5 40. cxd5 Rd8 41. d6 Kf7 42. h4 g6 43. Nxh6+ Kg7 44. g5 Rxd6 45. Ng4 d3 46. Nf2 d2 47. Ne4 Rd3 48. Nxc3 Rxc3 49. Rxd2 Rc4 50. Rd7+ Kg8 51. Rd6 Kg7 52. Rxa6 Rxh4 53. Kg3 Rb4 54. Ra7+ Kg8 55. a5 Rb5 56. Kg4 Kf8 57. a6 Ra5 58. Ra8+ Kg7 59. a7 Ra6 60. f4 Ra5 61. Kf3 Ra6 62. Ke3 Ra3+ 63. Kd4 Ra4+ 64. Ke5 Ra5+ 65. Ke6 Ra6+ 66. Kd7 Ra1 67. Ke8 Re1+ 68. Kd8 Rd1+ 69. Kc7 Rc1+ 70. Kd6 Rd1+ 71. Ke5 Re1+ 72. Kd4 Rd1+ 73. Kc4 Ra1 74. Kb5 Ra2 75. Kb4 Ra1 76. Kc3 Ra6 77. Kd3 Ra1 78. Ke3 Ra3+ 79. Ke4 Ra1 80. Kd5 Rd1+ 81. Ke5 Re1+ 82. Kd4 Rd1+ 83. Ke3 Ra1 84. Rd8 Rxa7 85. Ke4 Ra4+ 86. Ke5 Ra5+ 87. Ke6 Rf5 88. Rd4 Rf8 89. Ke5 Rf5+ 90. Ke4 Rf7 91. Rd6 Ra7 92. Ke5 Re7+ 93. Re6 Rf7 94. Rb6 Rf5+ 95. Ke4 Rf7 96. Rb5 Re7+ 97. Kf3 Rd7 98. Ke4 Re7+ 99. Kf3 Rd7 100. Rb6 Re7 101. Kg4 Rc7 102. Rf6 Rd7 103. Kf3 Re7 104. Kf2 Rd7 105. Ke3 Re7+ 106. Kd4 Rd7+ 107. Ke5 Ra7 108. Rd6 Re7+ 109. Kd4 Rf7 110. Ke4 Re7+ 111. Kd4 Rf7 112. Ke4 1/2-1/2

[Event "Titled Tuesday intern op 12th May"]
[Site "Chess.com INT"]
[Date "2020.05.12"]
[Round "9"]
[White "Cramling Bellon, Anna"]
[Black "Alaverdyan, Gevorg"]
[Result "0-1"]
[WhiteElo "2035"]
[BlackElo "2281"]
[PlyCount "108"]
[EventDate "2020.05.12"]
[EventType "swiss (blitz)"]
[EventRounds "10"]
[EventCountry "USA"]
[SourceTitle "EXT 2021"]
[Source "ChessBase"]
[SourceDate "2020.10.23"]
[SourceVersion "1"]
[SourceVersionDate "2020.10.23"]
[SourceQuality "1"]

1. d4 d6 2. Nf3 Nf6 3. c4 g6 4. Nc3 Bg7 5. e4 0-0 6. h3 e5 7. d5 Ne8 8. g4 a5 9. Be3 Na6 10. Nd2 f6 11. Be2 f5 12. gxf5 gxf5 13. exf5 Bxf5 14. Nde4 Kh8 15. Qd2 Bxe4 16. Nxe4 Nf6 17. Ng5 Qd7 18. Bg4 Qe7 19. Ne6 Rf7 20. 0-0-0 Ne4 21. Qe2 Nac5 22. Nxg7 Rxg7 23. Bh6 Rg6 24. Be3 Rf8 25. Rhg1 Qg7 26. f3 Ng5 27. h4 Nf7 28. Bh5 Rxg1 29. Rxg1 Qf6 30. Bxc5 dxc5 31. Qg2 Nd6 32. Qg5 Qxg5+ 33. Rxg5 Nxc4 34. b3 Nd6 35. Rxe5 Rf5 36. Rxf5 Nxf5 37. Bg4 Nd6 38. Kd2 Kg7 39. Ke3 Kf6 40. Kf4 b5 41. a3 c4 42. bxc4 Nxc4 43. Ke4 Nxa3 44. Bd7 Nc4 45. Bxb5 Nd6+ 46. Kd4 Nxb5+ 47. Kc5 Nd6 48. Kc6 a4 49. Kxc7 a3 50. Kxd6 a2 51. Kc7 a1Q 52. d6 Qc3+ 53. Kb7 Ke6 54. d7 Kxd7 0-1

[Event "ARM-ch 1st League 75th"]
[Site "Yerevan"]
[Date "2014.09.03"]
[Round "13"]
[White "Alaverdyan, Gevorg"]
[Black "Torosyan, Norayr"]
[Result "1/2-1/2"]
[WhiteElo "2369"]
[BlackElo "2321"]
[PlyCount "92"]
[EventDate "2014.08.21"]
[EventType "tourn"]
[EventRounds "13"]
[EventCountry "ARM"]
[EventCategory "6"]
[SourceTitle "CBM 162 Extra"]
[Source "ChessBase"]
[SourceDate "2014.10.17"]
[SourceVersion "1"]
[SourceVersionDate "2014.10.17"]
[SourceQuality "1"]

1. Nf3 Nf6 2. g3 d5 3. Bg2 e6 4. d4 Be7 5. 0-0 0-0 6. c4 dxc4 7. Ne5 Nc6 8. Nxc6 bxc6 9. Na3 Bxa3 10. bxa3 Nd5 11. Qa4 Nb6 12. Qxc6 Rb8 13. Qc5 Bb7 14. e4 Qd7 15. Bf4 Rbc8 16. Rfd1 Rfd8 17. Rab1 Qa4 18. Rdc1 Qd7 19. Be3 Rb8 20. f3 f5 21. Rb4 Ra8 22. Qa5 Qf7 23. a4 Qg6 24. Qe5 fxe4 25. fxe4 a5 26. Rb5 Bc6 27. Qxc7 Bxb5 28. axb5 Rab8 29. Bf4 Qf6 30. Be5 Qg5 31. Re1 Nd7 32. Bf4 Qxb5 33. Bh3 Re8 34. d5 Nf8 35. Rd1 Rb7 36. Qc6 exd5 37. exd5 c3 38. Rc1 c2 39. Rxc2 Qb1+ 40. Bc1 Rbe7 41. d6 Re1+ 42. Kf2 Rd1 43. Rd2 Rxd2+ 44. Bxd2 Qxa2 45. Qxe8 Qxd2+ 46. Qe2 Qxd6 1/2-1/2